| 000 | 00709nam a2200229 a 4500 | ||
|---|---|---|---|
| 999 |
_c11707 _d11707 |
||
| 001 | 11707 | ||
| 003 | BD-JhCC | ||
| 005 | 20221128134022.0 | ||
| 008 | 200726b2020 bg a|||| ||a| 001 0 mul d | ||
| 020 | _a9789848040829 | ||
| 035 | _a(BD-JhCC)11707 | ||
| 040 |
_aBD-JhCC _dBD-JhCC |
||
| 041 | _amul | ||
| 082 |
_a 005.133 _bHAS 2020 |
||
| 100 | _aহাসান, রকিবুল | ||
| 245 |
_aহাতেকলমে পাইথন ডিপ লার্নিং / _cরকিবুল হাসান । |
||
| 260 |
_aঢাকা: _bআদর্শ; _c২০২০. |
||
| 300 |
_a380 p. : _bill; _c22 cm. |
||
| 650 |
_aPython _zComputer program language |
||
| 942 |
_2ddc _cBK _04 |
||